000 00873nas a2200265Ia 4500
001 R109/44545
003 IT-RoPAU
008 151124c99999999xx |||||||||||| ||und||
040 _aIT-RoPAU
040 _cIT-RoPAU
041 _aFRANCESE
100 _aAA.VV.
_gCodice Aut. SPICS: 12000
210 _aCOMMUNICATIONS
222 _aCommunications
245 _aCOMMUNICATIONS, N.04 (1964)
_bCommunications, N.04 (1964)
250 _a1a ed.
260 _aPARIS
_bSEUIL
_c1964
501 _bPaulus - SPICS - Società San Paolo EM (non-commercial uses only)
_cCopyright2015
300 _a144 p.
310 _aANNUALE
362 _aANNO 004, N.04 (1964)
500 _aRivista-Sulle-Comunicazioni Ricerche-Semiologiche Elementi-Di-Semiologia Bibliografia-Critica Messaggi-Narrativo Retorica Cinema
650 _aCOMUNICAZIONE
_vPUBBLICAZIONE PERIODICA
942 _cCR
999 _c115641
_d115641